000
00279nam a2200109Ia 4500
008
230907s9999||||xx |||||||||||||| ||und||
082
_a
361.301
_b
PAY
245
0
_a
Modern social work theory /
260
_a
Palgrave MacMillan,
_b
Hsmphirr :
_c
2005
300
_a
366 p.
942
_c
BK
999
_c
600190
_d
600190